Statistiques concernant Les 20 clubs ayant disputés le plus de saisons en Champions League

Cliquez ici pour prendre le quiz!

Statistiques générales

  • Ce quiz a été pris 372 fois
  • Le résultat moyen est 11 sur 20

Statistiques - réponses

HintSaisonRéponse% Correct
151Real Madrid
99%
237Barcelone
96%
530Manchester United
93%
336Bayern Münich
86%
1818Liverpool
83%
629Juventus
81%
825Arsenal
79%
1320Chelsea
79%
924Milan AC
68%
1519Ajax Amsterdam
63%
2017Dortmund
61%
728Benfica
59%
435Porto
56%
1419Paris SG
53%
1619Celtic Glasgow
27%
1918Valence
18%
1221Anderlecht
17%
1719Galatasaray
9%
1122Olympiakos
6%
1024Dynamo Kiev
4%

Distribution des résultats

Percentile par nombre de réponses

% des personnes avec chaque résultat

Votre développement - résultats

Vous n’avez pas pris ce quiz